000 00333nam a22001457a 4500
003 SGT
020 _a812560075-2
082 _a574
_bP17S
100 _aSARDANA.S & SHARMA, O.P
245 _aA TEXT BOOK OF PHARMACEUTICAL BIOLOGY
260 _aDELHI1
_bBIRLA PUB
_c2017
300 _a260
650 _aPHARMACY
942 _2ddc
_cBK
_010
999 _c11632
_d11632